Strategic green infrastructure planning : (Record no. 7739)

000 -LEADER
fixed length control field 00890cam a22002417i 4500
003 - CONTROL NUMBER IDENTIFIER
control field OSt
005 - DATE AND TIME OF LATEST TRANSACTION
control field 20200518124217.0
008 - FIXED-LENGTH DATA ELEMENTS--GENERAL INFORMATION
fixed length control field 150715s2015 dcuab b 000 0 eng d
020 ## - INTERNATIONAL STANDARD BOOK NUMBER
International Standard Book Number 9781610916929
082 04 - DEWEY DECIMAL CLASSIFICATION NUMBER
Classification number 333.73
Edition number 23
100 1# - MAIN ENTRY--PERSONAL NAME
Personal name Firehock, Karen,
Relator term author.
245 10 - TITLE STATEMENT
Title Strategic green infrastructure planning :
Remainder of title a multi-scale approach /
Statement of responsibility, etc by Karen Firehock and R. Andrew Walker, the Green Infrastructure Center Inc.
300 ## - PHYSICAL DESCRIPTION
Extent xiii, 138 pages :
Other physical details color illustrations, color maps ;
Dimensions 28 cm
504 ## - BIBLIOGRAPHY, ETC. NOTE
Bibliography, etc Includes bibliographical references (pages 135-138)
650 #0 - SUBJECT ADDED ENTRY--TOPICAL TERM
Topical term or geographic name as entry element Land use
General subdivision Planning.
650 #0 - SUBJECT ADDED ENTRY--TOPICAL TERM
Topical term or geographic name as entry element Land use
General subdivision Environmental aspects.
650 #0 - SUBJECT ADDED ENTRY--TOPICAL TERM
Topical term or geographic name as entry element Sustainable development.
650 #7 - SUBJECT ADDED ENTRY--TOPICAL TERM
Topical term or geographic name as entry element Land use
General subdivision Environmental aspects.
Source of heading or term fast
650 #7 - SUBJECT ADDED ENTRY--TOPICAL TERM
Topical term or geographic name as entry element Land use
General subdivision Planning.
Source of heading or term fast
650 #7 - SUBJECT ADDED ENTRY--TOPICAL TERM
Topical term or geographic name as entry element Sustainable development.
Source of heading or term fast
700 1# - ADDED ENTRY--PERSONAL NAME
Personal name Walker, R. Andrew,
Relator term author.
942 ## - ADDED ENTRY ELEMENTS (KOHA)
Source of classification or shelving scheme
Holdings
Withdrawn status Lost status Source of classification or shelving scheme Damaged status Koha normalized classification for sorting Not for loan Permanent location Current location Date acquired Full call number Barcode Date last seen Price effective from Koha item type Source of acquisition Cost, normal purchase price Cost, replacement price
        333_000000000000000_73FIR   BMS College of Architecture, Design and Planning BMS College of Architecture, Design and Planning 2020-05-18 333.73FIR ar-pg235 2020-05-18 2020-05-18 PG Books      
        333_730000000000000   BMS College of Architecture, Design and Planning BMS College of Architecture, Design and Planning 2022-04-08 333.73 AR-PG531 2022-04-08 2022-04-08 PG Books 6 2479.05 3541.50
Copyright © 2025, The Librarian, Library and Information Centre, BMSCA D&P, Bengaluru. All Rights Reserved
web counter

Powered by Koha